| 000 | 00519nam a2200181Ia 4500 | ||
|---|---|---|---|
| 008 | 240925s9999 xx 000 0 und d | ||
| 020 | _a9788120335196 | ||
| 082 | _a005.447 MAC | ||
| 100 | _aMackin J. C. | ||
| 245 | 0 | _aConfiguring Windows Server 2008 Applications Infrastructure | |
| 250 | _aNA | ||
| 260 |
_aNew Delhi: _bPrentice Hall _c,2008. |
||
| 300 |
_a384p. _bNA _fOriginal |
||
| 500 | _aIncludes Index | ||
| 600 | _aComputer Science | ||
| 650 | _aComputer science, information & general works | ||
| 942 | _cBK | ||
| 999 |
_c7890 _d7890 |
||